000 00593nam a2200205Ia 4500
003 0100
008 130227s9999 xx 000 0 und d
040 _cARRUPELIB
050 _aLC71.C75 1988
100 _aCrittenden, Brian
245 _aParents, the State and the right to educate
260 _bMelbourne University Press
260 _C1988
300 _a309
300 _b 24cm.
650 _bGardeners - Religious life - Meditations
650 _cGaderns - Religious aspects - Christianity - Meditations
650 _dChristian life - Orthodox Eastern authors
942 _2lcc
_02
999 _c1803
_d1803